Sociologie : vydání revidované P.W.Suttonem

Gespeichert in:
Bibliographische Detailangaben
1. Verfasser: Giddens, Anthony (Verfasst von)
Format: Buch
Sprache:Tschechisch
Veröffentlicht: Praha : ARGO, 2013
Schlagworte:
Tags: Tag hinzufügen
Keine Tags, Fügen Sie das erste Tag hinzu!

MARC

LEADER 00000nam a22000003a 4500
001 stu272713
005 20150617230236.1
008 130805s2013------------------------cze-d
020 |a 978-80-257-0807-1 
040 |a STU  |b slo 
041 0 |a cze 
100 1 |a Giddens, Anthony  |4 aut 
245 1 |a Sociologie :  |b vydání revidované P.W.Suttonem 
260 |a Praha :  |b ARGO,  |c 2013 
300 |a 1048 s 
650 7 |a sociológia  |2 stusub 
650 7 |a spoločenské vedy  |2 stusub 
996 |b 284AU05832  |c A*8631 U  |l AAKNAR  |s A  |a 24  |w stu272713_0001